Improved equipment for the farm people of the SAARC region (Record no. 43927)

MARC details
000 -LEADER
fixed length control field 00353nam a2200133Ia 4500
082 ## - DEWEY DECIMAL CLASSIFICATION NUMBER
Classification number 631.3(5-13)
Item number IMP
245 #0 - TITLE STATEMENT
Title Improved equipment for the farm people of the SAARC region
260 ## - PUBLICATION, DISTRIBUTION, ETC. (IMPRINT)
Place of publication Bangladesh
490 ## - SERIES STATEMENT
Series statement 1996
650 ## - SUBJECT ADDED ENTRY--TOPICAL TERM
Topical Term Agricultural machinery
650 ## - SUBJECT ADDED ENTRY--TOPICAL TERM
Topical Term Farm equipment
942 ## - ADDED ENTRY ELEMENTS (KOHA)
Koha item type Books
Holdings
Withdrawn status Lost status Damaged status Not for loan Home library Current library Date acquired Source of acquisition Cost, normal purchase price Full call number Accession Number Koha item type
        RRII Library RRII Library 16/12/2021 Gift 5.00 631.3(5-13) IMP G00676 Books